Selected International Document on Child Protection
Đã lưu trong:
| Formáid: | Leabhar |
|---|---|
| Teanga: | Undetermined |
| Foilsithe: |
Hà Nội
Chính trị Quốc gia
1997
|
| Ábhair: | |
| Clibeanna: |
Cuir Clib Leis
Gan Chlibeanna, Bí ar an gcéad duine leis an taifead seo a chlibeáil!
|
| Thư viện lưu trữ: | Trung tâm Học liệu Trường Đại học Cần Thơ |
|---|
| LEADER | 00589nam a2200181Ia 4500 | ||
|---|---|---|---|
| 001 | CTU_36393 | ||
| 008 | 210402s9999 xx 000 0 und d | ||
| 082 | |a 344.07 | ||
| 082 | |b S464/P.2 | ||
| 245 | 0 | |a Selected International Document on Child Protection | |
| 245 | 0 | |c Vũ Ngọc Bình dịch | |
| 260 | |a Hà Nội | ||
| 260 | |b Chính trị Quốc gia | ||
| 260 | |c 1997 | ||
| 650 | |a Children,Quyền trẻ em | ||
| 650 | |x Legal status, laws, etc | ||
| 904 | |i Nguyễn Quang Điền, 000427 (Nguyên sửa) | ||
| 980 | |a Trung tâm Học liệu Trường Đại học Cần Thơ | ||